[Event "FIN-chT1A 1718"]
[Site "Finland"]
[Date "2017.12.03"]
[Round "5.7"]
[White "Kahri, Antti"]
[Black "Satonen, Arto"]
[Result "1-0"]
[WhiteElo "2100"]
[BlackElo "2039"]
[PlyCount "91"]
[EventDate "2017.09.16"]
[EventType "team-tourn"]
[EventRounds "7"]
[EventCountry "FIN"]
[SourceTitle "EXT 2020"]
[Source "ChessBase"]
[SourceDate "2019.10.17"]
[SourceVersion "1"]
[SourceVersionDate "2019.10.17"]
[SourceQuality "1"]
[WhiteTeam "Vantaa Remi"]
[BlackTeam "Sastamala VammSK"]
[WhiteTeamCountry "FIN"]
[BlackTeamCountry "FIN"]

1. e4 e5 2. Nc3 Nf6 3. Bc4 Nc6 4. d3 Be7 5. Nge2 0-0 6. f3 Na5 7. Be3 c6 8. Bf2 d5 9. Bb3 b6 10. g4 dxe4 11. dxe4 Ba6 12. Qxd8 Rfxd8 13. Bg3 Nd7 14. h4 Nc4 15. Nd1 Kf8 16. g5 f6 17. gxf6 Bxf6 18. Bxc4 Bxc4 19. Ne3 Be6 20. Ng4 h5 21. Nxf6 gxf6 22. Bf2 Ke7 23. Ng3 Rg8 24. Nxh5 Rg2 25. Ng3 Rg8 26. Nf1 Kd6 27. a4 Kc7 28. Ne3 R2g6 29. Ke2 Nc5 30. b4 Nd7 31. a5 Kb7 32. c4 bxa5 33. Rxa5 Nb6 34. Rha1 Ra8 35. Kd3 Rg7 36. b5 cxb5 37. Rxb5 Rd7+ 38. Nd5 Bxd5 39. cxd5 f5 40. Bxb6 fxe4+ 41. Kxe4 axb6 42. Rxa8 Kxa8 43. Rxb6 Rh7 44. Kxe5 Rxh4 45. f4 Ka7 46. Rb1 1-0

[Event "FIN-chT1A 1718"]
[Site "Finland"]
[Date "2017.09.17"]
[Round "2.5"]
[White "Satonen, Arto"]
[Black "Rantanen, Veikko J"]
[Result "1-0"]
[WhiteElo "2039"]
[BlackElo "2000"]
[PlyCount "45"]
[EventDate "2017.09.16"]
[EventType "team-tourn"]
[EventRounds "7"]
[EventCountry "FIN"]
[SourceTitle "EXT 2020"]
[Source "ChessBase"]
[SourceDate "2019.10.17"]
[SourceVersion "1"]
[SourceVersionDate "2019.10.17"]
[SourceQuality "1"]
[WhiteTeam "Sastamala VammSK"]
[BlackTeam "Akaa"]
[WhiteTeamCountry "FIN"]
[BlackTeamCountry "FIN"]

1. e4 c6 2. c4 d6 3. d4 Nf6 4. Nc3 g6 5. Nf3 Bg7 6. Be2 0-0 7. 0-0 Qc7 8. e5 dxe5 9. Nxe5 Nbd7 10. Bf4 Nxe5 11. Bxe5 Qa5 12. Bf3 Be6 13. Qe2 Rad8 14. a3 Qa6 15. b3 b5 16. d5 cxd5 17. cxb5 Qc8 18. Rac1 Bh6 19. Nxd5 Qxc1 20. Nxe7+ Kg7 21. Rxc1 Bxc1 22. Bxf6+ Kxf6 23. Nc6 1-0

[Event "FIN-chT1A 1617"]
[Site "Finland"]
[Date "2016.10.09"]
[Round "4.3"]
[White "Alho, Mikko"]
[Black "Satonen, Arto"]
[Result "1/2-1/2"]
[WhiteElo "2045"]
[BlackElo "2035"]
[PlyCount "102"]
[EventDate "2016.09.17"]
[EventType "team-tourn"]
[EventRounds "7"]
[EventCountry "FIN"]
[SourceTitle "EXT 2019"]
[Source "ChessBase"]
[SourceDate "2018.10.10"]
[SourceVersion "1"]
[SourceVersionDate "2018.10.10"]
[SourceQuality "1"]
[WhiteTeam "Vaasa VSS"]
[BlackTeam "Sastamala VammSK"]
[WhiteTeamCountry "FIN"]
[BlackTeamCountry "FIN"]

1. e4 e5 2. Nf3 Nf6 3. Nxe5 d6 4. Nf3 Nxe4 5. d4 d5 6. Bd3 Bd6 7. 0-0 0-0 8. c4 c6 9. cxd5 cxd5 10. Nc3 Re8 11. h3 Bb4 12. Ne5 Bxc3 13. bxc3 Bf5 14. Qf3 Bg6 15. c4 Nc6 16. Nxc6 bxc6 17. c5 Rb8 18. Bf4 Rb4 19. Rfb1 Qa5 20. a3 Rxd4 21. Rb7 Nf6 22. Bxg6 hxg6 23. Bg5 Re1+ 24. Rxe1 Qxe1+ 25. Kh2 Qe5+ 26. Qg3 Qxg3+ 27. fxg3 Ne4 28. Be7 Ra4 29. Rc7 Ra6 30. g4 f6 31. Kg1 Nc3 32. Kf2 Nb5 33. Rd7 Rxa3 34. g5 fxg5 35. Bd6 Nd4 36. Rc7 Ra2+ 37. Kf1 a5 38. Be5 Ne6 39. Rxc6 Kf7 40. Rc8 Rc2 41. c6 a4 42. c7 a3 43. Ra8 Nxc7 44. Bxc7 Rxc7 45. Rxa3 Ke6 46. Ke2 Rc2+ 47. Kf3 Kf5 48. Re3 Rc4 49. g4+ Kf6 50. Re8 Rc3+ 51. Kg2 d4 1/2-1/2

[Event "FIN-chT1A 1617"]
[Site "Finland"]
[Date "2016.09.17"]
[Round "1.3"]
[White "Salokangas, Hannu"]
[Black "Satonen, Arto"]
[Result "1-0"]
[WhiteElo "2153"]
[BlackElo "2035"]
[PlyCount "37"]
[EventDate "2016.09.17"]
[EventType "team-tourn"]
[EventRounds "7"]
[EventCountry "FIN"]
[SourceTitle "EXT 2019"]
[Source "ChessBase"]
[SourceDate "2018.10.10"]
[SourceVersion "1"]
[SourceVersionDate "2018.10.10"]
[SourceQuality "1"]
[WhiteTeam "Tampere Tammer II"]
[BlackTeam "Sastamala VammSK"]
[WhiteTeamCountry "FIN"]
[BlackTeamCountry "FIN"]

1. c4 e6 2. g3 d5 3. Nf3 Nf6 4. Bg2 Be7 5. 0-0 0-0 6. d4 c5 7. cxd5 exd5 8. Nc3 Nc6 9. Bg5 cxd4 10. Nxd4 h6 11. Be3 Re8 12. Rc1 Bf8 13. h3 a6 14. Kh2 Ne5 15. Qb3 Nc4 16. Nxd5 Nxd5 17. Qxc4 Nxe3 18. fxe3 Rxe3 19. Qxf7+ 1-0

[Event "EU-ch rapid"]
[Site "Wroclaw"]
[Date "2014.12.20"]
[Round "2"]
[White "Duda, Jan Krzysztof"]
[Black "Satonen, Arto"]
[Result "1-0"]
[WhiteElo "2603"]
[BlackElo "2082"]
[PlyCount "75"]
[EventDate "2014.12.20"]
[EventType "swiss (rapid)"]
[EventRounds "11"]
[EventCountry "POL"]
[SourceTitle "CBM 164 Extra"]
[Source "ChessBase"]
[SourceDate "2015.03.02"]
[SourceVersion "1"]
[SourceVersionDate "2015.03.02"]
[SourceQuality "1"]

1. d4 d5 2. c4 e6 3. Nc3 c5 4. cxd5 exd5 5. Nf3 Nc6 6. g3 Nf6 7. Bg2 Be7 8. 0-0 0-0 9. dxc5 Bxc5 10. Na4 Be7 11. Be3 Re8 12. Rc1 Bg4 13. h3 Be6 14. Nc5 Bxc5 15. Bxc5 Ne4 16. Be3 Qd7 17. Kh2 Rad8 18. Nd4 Qd6 19. Bf4 Qb4 20. Rxc6 bxc6 21. Nxc6 Qb6 22. Nxd8 Rxd8 23. e3 Rc8 24. Be5 Qa5 25. a3 Nd2 26. Re1 Nc4 27. Bc3 Qb5 28. Qd4 f6 29. Rd1 Nb6 30. Qf4 Rd8 31. Rd4 Rd7 32. Qb8+ Kf7 33. Rf4 Qe2 34. Bd4 Nc4 35. Qh8 Nd2 36. Bxf6 Kg6 37. Qe8+ Rf7 38. Bc3 1-0

[Event "FIN-chT 1415"]
[Site "Finland"]
[Date "2014.11.16"]
[Round "6.5"]
[White "Satonen, Arto"]
[Black "Sorsa, Nuutti"]
[Result "0-1"]
[WhiteElo "2100"]
[BlackElo "2225"]
[PlyCount "134"]
[EventDate "2014.09.27"]
[EventType "team-tourn"]
[EventRounds "11"]
[EventCountry "FIN"]
[SourceTitle "EXT 2016"]
[Source "ChessBase"]
[SourceDate "2015.10.08"]
[SourceVersion "1"]
[SourceVersionDate "2015.10.08"]
[SourceQuality "1"]
[WhiteTeam "Sastamala VammSK"]
[BlackTeam "Turku TuTS"]
[WhiteTeamCountry "FIN"]
[BlackTeamCountry "FIN"]

1. e4 d6 2. Bc4 Nf6 3. Qe2 Nc6 4. Nf3 Bg4 5. c3 e5 6. 0-0 Be7 7. h3 Bh5 8. d3 0-0 9. Bg5 h6 10. Bh4 Nh7 11. Bxe7 Nxe7 12. Nbd2 Ng6 13. Qe3 Nf4 14. Kh2 Qf6 15. g3 Ne6 16. Nh4 Nhg5 17. Nf5 Rae8 18. f4 exf4 19. gxf4 Nh7 20. Rg1 Bg6 21. Nxh6+ gxh6 22. f5 Nhg5 23. fxe6 fxe6 24. Raf1 Qe5+ 25. Kh1 Rxf1 26. Nxf1 d5 27. exd5 exd5 28. Qxe5 Rxe5 29. Bxd5+ Rxd5 30. h4 Bxd3 31. hxg5 Rxg5 32. Ng3 c5 33. Kg2 h5 34. Kh3 Kf7 35. Kh4 Kg6 36. Re1 Rg4+ 37. Kh3 Bf5 38. Nxf5 Kxf5 39. Re7 Ra4 40. Rxb7 Rxa2 41. Rb5 Ke4 42. Rxc5 Rxb2 43. Ra5 Rb7 44. Rxh5 Rc7 45. Ra5 Kd3 46. Ra3 Kc2 47. c4 Kb2 48. Ra4 Kb3 49. Ra1 Rg7 50. c5 Kb4 51. c6 Kb5 52. Rc1 Kb6 53. Kh4 a5 54. Kh3 Rc7 55. Kg4 Rxc6 56. Rb1+ Kc5 57. Kf4 Re6 58. Rb8 a4 59. Ra8 Kb5 60. Rb8+ Rb6 61. Ra8 Kb4 62. Ke4 a3 63. Kd4 Rb5 64. Kd3 Kb3 65. Rc8 a2 66. Ra8 Rb4 67. Ra7 Kb2 0-1

[Event "FIN Team Cup"]
[Site "Finland"]
[Date "2013.09.08"]
[Round "6.6"]
[White "Tiitta, Sauli"]
[Black "Satonen, Arto"]
[Result "1-0"]
[WhiteElo "2200"]
[BlackElo "2147"]
[PlyCount "27"]
[EventDate "2013.04.06"]
[EventType "team-k.o."]
[EventRounds "6"]
[EventCountry "FIN"]
[SourceTitle "EXT 2022"]
[Source "ChessBase"]
[SourceDate "2021.10.06"]
[SourceVersion "1"]
[SourceVersionDate "2021.10.06"]
[SourceQuality "1"]
[WhiteTeam "Espoo MatSK"]
[BlackTeam "Vammala SK"]
[WhiteTeamCountry "FIN"]
[BlackTeamCountry "FIN"]

1. g4 e5 2. d4 exd4 3. Nf3 d5 4. Nxd4 Bxg4 5. Nc3 c5 6. Ndb5 a6 7. Qxd5 axb5 8. Qxb7 Nd7 9. Nxb5 Rc8 10. Bf4 Qa5+ 11. c3 Kd8 12. Na7 Nb6 13. Qxc8+ Nxc8 14. Nc6+ 1-0

[Event "FIN Team Cup"]
[Site "Finland"]
[Date "2013.09.07"]
[Round "5.6"]
[White "Laakso, Harri"]
[Black "Satonen, Arto"]
[Result "0-1"]
[WhiteElo "2186"]
[BlackElo "2147"]
[PlyCount "58"]
[EventDate "2013.04.06"]
[EventType "team-k.o."]
[EventRounds "6"]
[EventCountry "FIN"]
[SourceTitle "EXT 2022"]
[Source "ChessBase"]
[SourceDate "2021.10.06"]
[SourceVersion "1"]
[SourceVersionDate "2021.10.06"]
[SourceQuality "1"]
[WhiteTeam "Vantaa EtVaS"]
[BlackTeam "Vammala SK"]
[WhiteTeamCountry "FIN"]
[BlackTeamCountry "FIN"]

1. e4 e5 2. f4 d5 3. exd5 c6 4. Qe2 cxd5 5. Qxe5+ Be7 6. Nf3 Nf6 7. Bb5+ Bd7 8. Bxd7+ Nbxd7 9. Qe2 0-0 10. 0-0 Re8 11. d4 Qb6 12. c3 Bd6 13. Qc2 Rac8 14. Qb3 Qa6 15. Ne5 Nxe5 16. fxe5 Rxe5 17. Nd2 Rh5 18. Nf3 Re8 19. Bd2 Re2 20. Be1 Ng4 21. h3 Ne3 22. Rf2 Bg3 23. Ne5 Bxf2+ 24. Bxf2 Rf5 25. Bxe3 Rxe3 26. Qxd5 Qb6 27. Rf1 Rexe5 28. Qd7 Rxf1+ 29. Kxf1 Qf6+ 0-1

[Event "FIN Team Cup"]
[Site "Finland"]
[Date "2013.04.28"]
[Round "2.2"]
[White "Satonen, Arto"]
[Black "Vahauski, Toni"]
[Result "1-0"]
[WhiteElo "2147"]
[BlackElo "2006"]
[PlyCount "73"]
[EventDate "2013.04.06"]
[EventType "team-k.o."]
[EventRounds "6"]
[EventCountry "FIN"]
[SourceTitle "EXT 2022"]
[Source "ChessBase"]
[SourceDate "2021.10.06"]
[SourceVersion "1"]
[SourceVersionDate "2021.10.06"]
[SourceQuality "1"]
[WhiteTeam "Vammala SK"]
[BlackTeam "Hameenlinna"]
[WhiteTeamCountry "FIN"]
[BlackTeamCountry "FIN"]

1. e4 e6 2. Nf3 d5 3. exd5 exd5 4. d4 Bg4 5. c4 c6 6. Qb3 Qb6 7. Qe3+ Be7 8. Nc3 Be6 9. Ng5 Bxg5 10. Qxg5 Qxd4 11. Be3 Qf6 12. Qg3 Na6 13. cxd5 Bxd5 14. Bxa6 bxa6 15. Nxd5 cxd5 16. 0-0 Nh6 17. Bg5 Qg6 18. Qe5+ Kf8 19. Qxd5 Re8 20. Rfe1 f6 21. Qd6+ Kg8 22. Bxh6 gxh6 23. Rxe8+ Qxe8 24. Qxf6 Qg6 25. Qe7 Qf7 26. Re1 Kg7 27. Qe5+ Qf6 28. Qc7+ Kg6 29. Qg3+ Kf7 30. Qb3+ Kg7 31. Re6 Qd8 32. Qb7+ Kf8 33. Qf3+ Kg7 34. Qg4+ Kf8 35. Rxa6 Qc7 36. Qf5+ Kg8 37. Qe6+ 1-0

[Event "FIN-chT 1112"]
[Site "Finland"]
[Date "2012.03.10"]
[Round "10.6"]
[White "Kekki, Petri"]
[Black "Satonen, Arto"]
[Result "1-0"]
[WhiteElo "2335"]
[BlackElo "2166"]
[PlyCount "75"]
[EventDate "2011.09.17"]
[EventType "team-tourn"]
[EventRounds "11"]
[EventCountry "FIN"]
[SourceTitle "EXT 2013"]
[Source "ChessBase"]
[SourceDate "2012.11.22"]
[SourceVersion "1"]
[SourceVersionDate "2012.11.22"]
[SourceQuality "1"]
[WhiteTeam "Espoo"]
[BlackTeam "Sastamala VammSK"]
[WhiteTeamCountry "FIN"]
[BlackTeamCountry "FIN"]

1. d4 d5 2. c4 e6 3. Nc3 c5 4. cxd5 exd5 5. Nf3 Nc6 6. e3 Nf6 7. Be2 Bg4 8. 0-0 Bd6 9. b3 0-0 10. dxc5 Bxc5 11. Bb2 Re8 12. Rc1 Bb6 13. Na4 Bc7 14. Nc5 Bxf3 15. Bxf3 Ne5 16. g3 b6 17. Nd3 Qe7 18. Bg2 Bd6 19. Nf4 Ba3 20. Bxa3 Qxa3 21. Nxd5 Nxd5 22. Bxd5 Rad8 23. e4 Rc8 24. Rc2 Qa6 25. Kg2 Rxc2 26. Qxc2 Rc8 27. Qb2 Nd3 28. Qd4 Nc5 29. b4 Na4 30. Rd1 h6 31. Bb3 b5 32. Qd7 Rf8 33. Qe7 Nc3 34. Bxf7+ Rxf7 35. Rd8+ Kh7 36. Qxf7 Nxe4 37. Qg8+ Kg6 38. Qe8+ 1-0

[Event "FIN-chT 1112"]
[Site "Finland"]
[Date "2011.09.17"]
[Round "1.6"]
[White "Kilpi, Teemu"]
[Black "Satonen, Arto"]
[Result "1-0"]
[WhiteElo "2135"]
[BlackElo "2166"]
[PlyCount "141"]
[EventDate "2011.09.17"]
[EventType "team-tourn"]
[EventRounds "11"]
[EventCountry "FIN"]
[SourceTitle "CBM 144 Extra"]
[Source "ChessBase"]
[SourceDate "2011.10.28"]
[SourceVersion "1"]
[SourceVersionDate "2011.10.28"]
[SourceQuality "1"]
[WhiteTeam "Oulu OSS"]
[BlackTeam "Sastamala VammSK"]
[WhiteTeamCountry "FIN"]
[BlackTeamCountry "FIN"]

1. d4 d5 2. c4 e6 3. Nc3 c5 4. cxd5 exd5 5. Nf3 Nc6 6. g3 Nf6 7. Bg2 Be7 8. 0-0 0-0 9. Bg5 cxd4 10. Nxd4 h6 11. Be3 Re8 12. Rc1 Bf8 13. a3 Bg4 14. h3 Bh5 15. Nb3 Re5 16. Bf4 Re7 17. g4 g5 18. Bg3 Bg6 19. e3 Rd7 20. Nd4 Rc8 21. Nxc6 bxc6 22. Be5 Bg7 23. Na4 Ne4 24. Bxg7 Kxg7 25. Qd4+ Qf6 26. Qxf6+ Kxf6 27. Nc5 Re7 28. Nxe4+ Bxe4 29. Rc5 Bxg2 30. Kxg2 Ke5 31. Rfc1 Kd6 32. b4 a6 33. Kf3 Re4 34. Ra5 Ra8 35. Ke2 f6 36. Kd3 Ra7 37. Rc3 Ra8 38. Kc2 Ra7 39. Kb3 Ra8 40. Rac5 Rc8 41. Ka4 Re7 42. Ka5 Ra7 43. Rd3 Rb8 44. e4 Rab7 45. exd5 Rb5+ 46. Rxb5 axb5 47. dxc6+ Kxc6 48. Rc3+ Kd6 49. Rf3 Ke6 50. Ka6 Ke7 51. Ka7 Rd8 52. Kb6 Rb8+ 53. Kc6 Ke6 54. Rd3 Ke7 55. Rd7+ Ke6 56. Ra7 Ke5 57. Rb7 Rxb7 58. Kxb7 f5 59. Kc6 f4 60. Kxb5 Ke4 61. a4 Kf3 62. a5 Kxf2 63. a6 Ke2 64. a7 f3 65. a8Q f2 66. Qe4+ Kd2 67. Qf3 Ke1 68. Qe3+ Kf1 69. Kc6 h5 70. gxh5 g4 71. Qxf2+ 1-0

[Event "FIN Team Cup"]
[Site "Finland"]
[Date "2011.08.21"]
[Round "3.5"]
[White "Satonen, Arto"]
[Black "Manninen, Harri"]
[Result "0-1"]
[WhiteElo "2193"]
[BlackElo "2078"]
[PlyCount "68"]
[EventDate "2011.03.26"]
[EventType "team-k.o."]
[EventRounds "5"]
[EventCountry "FIN"]
[SourceTitle "EXT 2022"]
[Source "ChessBase"]
[SourceDate "2021.10.06"]
[SourceVersion "1"]
[SourceVersionDate "2021.10.06"]
[SourceQuality "1"]
[WhiteTeam "Vammala SK"]
[BlackTeam "Jyvaskyla JyS"]
[WhiteTeamCountry "FIN"]
[BlackTeamCountry "FIN"]

1. e4 c5 2. d4 cxd4 3. c3 d5 4. exd5 Qxd5 5. cxd4 Nc6 6. Nf3 e5 7. Nc3 Bb4 8. Bd2 Bxc3 9. Bxc3 e4 10. Nd2 Nf6 11. Bc4 Qg5 12. g3 0-0 13. 0-0 b5 14. d5 Nxd5 15. Nxe4 Nxc3 16. Nxg5 Nxd1 17. Bxb5 Nd4 18. Bd3 Nxb2 19. Bxh7+ Kh8 20. Rab1 Rb8 21. Be4 f6 22. Nf3 Nxf3+ 23. Bxf3 Bf5 24. Rbc1 Rbc8 25. g4 Bg6 26. h3 Nd3 27. Rcd1 Rc7 28. a4 Rb8 29. Kg2 Rb2 30. Kg3 Rc3 31. Kh4 Nxf2 32. Rd8+ Kh7 33. Bg2 Bf7 34. Rd7 g5# 0-1

[Event "Naantali op"]
[Site "Naantali"]
[Date "2011.07.10"]
[Round "9"]
[White "Rauramaa, Julius"]
[Black "Satonen, Arto"]
[Result "1/2-1/2"]
[WhiteElo "1904"]
[BlackElo "2188"]
[PlyCount "45"]
[EventDate "2011.07.04"]
[EventType "swiss"]
[EventRounds "9"]
[EventCountry "FIN"]
[SourceTitle "CBM 143 Extra"]
[Source "ChessBase"]
[SourceDate "2011.08.29"]
[SourceVersion "1"]
[SourceVersionDate "2011.08.29"]
[SourceQuality "1"]

1. e4 e5 2. Nf3 Nf6 3. Nxe5 d6 4. Nf3 Nxe4 5. Nc3 Nxc3 6. dxc3 Nc6 7. Bf4 Be7 8. Qd2 Be6 9. Nd4 0-0 10. Bd3 Bf6 11. 0-0 Ne5 12. Bxe5 Bxe5 13. Nxe6 fxe6 14. f4 Bf6 15. Rae1 c6 16. Qe3 Qb6 17. Qxb6 axb6 18. Rxe6 d5 19. b3 Rxa2 20. c4 Bd4+ 21. Kh1 dxc4 22. Bxc4 b5 23. Bd3 1/2-1/2

[Event "Naantali op"]
[Site "Naantali"]
[Date "2011.07.07"]
[Round "6"]
[White "Maki Uuro, Miika"]
[Black "Satonen, Arto"]
[Result "1/2-1/2"]
[WhiteElo "2328"]
[BlackElo "2188"]
[PlyCount "35"]
[EventDate "2011.07.04"]
[EventType "swiss"]
[EventRounds "9"]
[EventCountry "FIN"]
[SourceTitle "CBM 143 Extra"]
[Source "ChessBase"]
[SourceDate "2011.08.29"]
[SourceVersion "1"]
[SourceVersionDate "2011.08.29"]
[SourceQuality "1"]

1. d4 e6 2. c4 d5 3. Nc3 c5 4. cxd5 exd5 5. Nf3 Nc6 6. g3 Nf6 7. Bg2 Be7 8. 0-0 0-0 9. dxc5 Bxc5 10. Na4 Be7 11. Be3 Re8 12. Rc1 Bg4 13. h3 Bh5 14. Nd4 Qd7 15. g4 Bg6 16. Nxc6 bxc6 17. Bc5 h5 18. Bxe7 1/2-1/2

[Event "Naantali op"]
[Site "Naantali"]
[Date "2011.07.07"]
[Round "5"]
[White "Satonen, Arto"]
[Black "Pohjala, Henri"]
[Result "0-1"]
[WhiteElo "2188"]
[BlackElo "2241"]
[PlyCount "60"]
[EventDate "2011.07.04"]
[EventType "swiss"]
[EventRounds "9"]
[EventCountry "FIN"]
[SourceTitle "CBM 143 Extra"]
[Source "ChessBase"]
[SourceDate "2011.08.29"]
[SourceVersion "1"]
[SourceVersionDate "2011.08.29"]
[SourceQuality "1"]

1. e4 d5 2. exd5 Qxd5 3. Nc3 Qd6 4. d4 Nf6 5. Nf3 a6 6. Be2 Nc6 7. 0-0 Bf5 8. Be3 0-0-0 9. Na4 e5 10. c3 exd4 11. cxd4 Ng4 12. Nc5 Qd5 13. Rc1 Bxc5 14. Rxc5 Qxc5 15. dxc5 Rxd1 16. Rxd1 Re8 17. Bc4 f6 18. Bf4 Re4 19. h3 Rxc4 20. hxg4 Bxg4 21. Be3 Bxf3 22. gxf3 Rc2 23. Rd2 Rxd2 24. Bxd2 Kd7 25. Kg2 Ke6 26. f4 Nd4 27. Kg3 Kd5 28. b4 Ke4 29. Kg4 f5+ 30. Kg5 Nf3+ 0-1

[Event "FIN-chT1B 1011"]
[Site "Finland"]
[Date "2010.10.17"]
[Round "4.1"]
[White "Makinen, Ilkka"]
[Black "Satonen, Arto"]
[Result "0-1"]
[WhiteElo "2204"]
[BlackElo "2184"]
[PlyCount "60"]
[EventDate "2010.09.18"]
[EventType "team-tourn"]
[EventRounds "9"]
[EventCountry "FIN"]
[SourceTitle "EXT 2022"]
[Source "ChessBase"]
[SourceDate "2021.10.06"]
[SourceVersion "1"]
[SourceVersionDate "2021.10.06"]
[SourceQuality "1"]
[WhiteTeam "Helsinki HSK II"]
[BlackTeam "Sastamala VammSK"]
[WhiteTeamCountry "FIN"]
[BlackTeamCountry "FIN"]

1. e4 e5 2. Nf3 Nf6 3. Nc3 Bb4 4. Nxe5 0-0 5. Nd3 Bxc3 6. bxc3 Nxe4 7. Be2 d5 8. 0-0 Nc6 9. Bf3 Bf5 10. g3 Qf6 11. Rb1 b6 12. Bg2 Rad8 13. Bb2 Qh6 14. Nf4 g5 15. Nd3 Bh3 16. f3 Nd6 17. Bxh3 Qxh3 18. Nf2 Qh5 19. d3 f5 20. Kg2 Rfe8 21. Qd2 Ne5 22. Nh3 Nxf3 23. Rxf3 g4 24. Rf2 gxh3+ 25. Kg1 Re6 26. c4 Rde8 27. cxd5 Re2 28. Qc3 R8e5 29. Rbf1 Nf7 30. Rxf5 Rg2+ 0-1

[Event "Norrkoeping Easter op"]
[Site "Norrkoeping"]
[Date "2010.04.03"]
[Round "5"]
[White "Satonen, Arto"]
[Black "Akesson, Ralf"]
[Result "0-1"]
[WhiteElo "2177"]
[BlackElo "2454"]
[PlyCount "58"]
[EventDate "2010.04.02"]
[EventType "swiss"]
[EventRounds "8"]
[EventCountry "SWE"]
[SourceTitle "CBM 135 Extra"]
[Source "ChessBase"]
[SourceDate "2010.05.04"]
[SourceVersion "1"]
[SourceVersionDate "2010.05.04"]
[SourceQuality "1"]

1. e4 c6 2. c4 d5 3. exd5 cxd5 4. cxd5 Nf6 5. Bb5+ Nbd7 6. Nc3 g6 7. Nf3 Bg7 8. 0-0 0-0 9. d6 exd6 10. d4 a6 11. Bc4 b5 12. Bb3 Bb7 13. Bf4 Nb6 14. a3 Rc8 15. Re1 Nc4 16. Bxc4 Rxc4 17. Nd2 Rxd4 18. Be3 Rh4 19. Bg5 Rh5 20. h4 h6 21. g4 hxg5 22. gxh5 Nxh5 23. Nde4 gxh4 24. Qxd6 Qc8 25. Re3 Qg4+ 26. Kf1 Bxc3 27. Nxc3 Nf4 28. Nd1 h3 29. Rg3 Qe2+ 0-1

[Event "Rilton Cup 39th"]
[Site "Stockholm"]
[Date "2010.01.05"]
[Round "9"]
[White "Gagarin, Vasilij"]
[Black "Satonen, Arto"]
[Result "1-0"]
[WhiteElo "2422"]
[BlackElo "2177"]
[PlyCount "119"]
[EventDate "2009.12.27"]
[EventType "swiss"]
[EventRounds "9"]
[EventCountry "SWE"]
[SourceTitle "CBM 134 Extra"]
[Source "ChessBase"]
[SourceDate "2010.03.03"]
[SourceVersion "1"]
[SourceVersionDate "2010.03.03"]
[SourceQuality "1"]

1. d4 d5 2. c4 e6 3. Nf3 c5 4. cxd5 exd5 5. g3 Nf6 6. Bg2 Nc6 7. 0-0 Be7 8. Nc3 0-0 9. dxc5 Bxc5 10. a3 a6 11. b4 Ba7 12. Bb2 Re8 13. Rc1 Bg4 14. h3 Bh5 15. e3 Ne5 16. Na4 Bxf3 17. Bxf3 Nxf3+ 18. Qxf3 Ne4 19. Qg4 g6 20. Nc5 Bxc5 21. bxc5 Rc8 22. Rfd1 h5 23. Qf4 Ng5 24. Kg2 Rc6 25. Qd4 Kf8 26. Qg7+ Ke7 27. h4 Ne4 28. f3 Nf6 29. e4 Rg8 30. Qh6 g5 31. hxg5 Nxe4 32. Bf6+ Nxf6 33. gxf6+ Rxf6 34. Qxh5 d4 35. Qh4 d3 36. Qe4+ Re6 37. Qxd3 Qc7 38. g4 Rh8 39. Qd6+ Rxd6 40. cxd6+ Qxd6 41. Rxd6 Kxd6 42. Kg3 b5 43. Kf4 Rb8 44. Kf5 Ke7 45. Rc7+ Kf8 46. Ra7 Rb6 47. f4 Kg7 48. g5 Rc6 49. Kg4 Rb6 50. f5 b4 51. axb4 Rxb4+ 52. Kh5 Rf4 53. f6+ Kg8 54. Ra8+ Kh7 55. Rf8 Rf5 56. Rxf7+ Kg8 57. Ra7 Rc5 58. Kg6 Rc8 59. Rg7+ Kf8 60. Rh7 1-0

[Event "Rilton Cup 39th"]
[Site "Stockholm"]
[Date "2010.01.03"]
[Round "7"]
[White "Satonen, Arto"]
[Black "Von Bahr, Oskar"]
[Result "1-0"]
[WhiteElo "2177"]
[BlackElo "2316"]
[PlyCount "51"]
[EventDate "2009.12.27"]
[EventType "swiss"]
[EventRounds "9"]
[EventCountry "SWE"]
[SourceTitle "CBM 134 Extra"]
[Source "ChessBase"]
[SourceDate "2010.03.03"]
[SourceVersion "1"]
[SourceVersionDate "2010.03.03"]
[SourceQuality "1"]

1. e4 c5 2. d4 cxd4 3. c3 dxc3 4. Nxc3 e6 5. Nf3 d6 6. Bc4 a6 7. 0-0 Nc6 8. Qe2 Nf6 9. Rd1 Qc7 10. Be3 Be7 11. Rac1 0-0 12. Bb3 Ng4 13. Bd4 Nge5 14. Be3 Rb8 15. Na4 Nxf3+ 16. Qxf3 b5 17. Nc3 Qb7 18. Qg3 Rd8 19. Bf4 Qd7 20. e5 Bf8 21. Ne4 Qb7 22. Nf6+ Kh8 23. Qh4 h6 24. Bxh6 gxf6 25. Bxf8+ Kg8 26. Qh6 1-0

[Event "Helsinki We HSK Eero Book 100 8th"]
[Site "Helsinki"]
[Date "2010.??.??"]
[Round "2"]
[White "Satonen, Arto"]
[Black "Kyburz, Stefan"]
[Result "1-0"]
[WhiteElo "2177"]
[BlackElo "2023"]
[PlyCount "45"]
[EventDate "2010.??.??"]
[EventType "swiss"]
[EventRounds "5"]
[EventCountry "FIN"]
[SourceTitle "EXT 2022"]
[Source "ChessBase"]
[SourceDate "2021.10.06"]
[SourceVersion "1"]
[SourceVersionDate "2021.10.06"]
[SourceQuality "1"]

1. e4 e6 2. Nf3 d5 3. exd5 exd5 4. d4 Nc6 5. c4 Bg4 6. cxd5 Qxd5 7. Be2 0-0-0 8. Nc3 Bb4 9. 0-0 Qa5 10. Be3 Nge7 11. Qb3 Be6 12. Bc4 Bxc4 13. Qxc4 Bxc3 14. bxc3 Qd5 15. Qa4 a6 16. Rab1 Nf5 17. c4 Qe4 18. d5 Ncd4 19. Qb4 Nxf3+ 20. gxf3 Qxf3 21. Qxb7+ Kd7 22. Qc6+ Ke7 23. d6+ 1-0

[Event "FIN-chT1C 0910"]
[Site "Finland"]
[Date "2009.09.??"]
[Round "4.2"]
[White "Kangas, Lauri"]
[Black "Satonen, Arto"]
[Result "1/2-1/2"]
[WhiteElo "2051"]
[BlackElo "2189"]
[PlyCount "94"]
[EventDate "2009.09.19"]
[EventType "team-tourn"]
[EventRounds "7"]
[EventCountry "FIN"]
[SourceTitle "EXT 2022"]
[Source "ChessBase"]
[SourceDate "2021.10.06"]
[SourceVersion "1"]
[SourceVersionDate "2021.10.06"]
[SourceQuality "1"]
[WhiteTeam "Paivola Passi"]
[BlackTeam "Sastamala VammSK II"]
[WhiteTeamCountry "FIN"]
[BlackTeamCountry "FIN"]

1. d4 d5 2. c4 e6 3. Nc3 c5 4. Nf3 Nc6 5. e3 Nf6 6. Be2 a6 7. 0-0 dxc4 8. dxc5 Qxd1 9. Rxd1 Bxc5 10. Bxc4 b5 11. Bd3 Nb4 12. Bb1 Bb7 13. a3 Nbd5 14. Nxd5 Bxd5 15. b4 Bb6 16. Bb2 Ke7 17. Bd4 Bxf3 18. gxf3 Bxd4 19. Rxd4 Rhd8 20. Be4 Nxe4 21. fxe4 e5 22. Rxd8 Rxd8 23. Rc1 Rd3 24. Rc7+ Ke8 25. Rc5 f6 26. Rc7 Kf8 27. Kg2 Rxa3 28. Kf3 Rb3 29. Ra7 Rxb4 30. Rxa6 Kf7 31. Ra7+ Kg6 32. Rb7 h5 33. Kg3 Rb1 34. Kg2 b4 35. Kg3 b3 36. Kf3 b2 37. Kg2 h4 38. h3 Kh5 39. Kh2 Kg6 40. Kg2 f5 41. Kf3 Kf6 42. Rb6+ Kg5 43. Rb5 g6 44. Rb6 Kh5 45. Rb5 Kh6 46. Rb7 Kg5 47. Rb6 Kh5 1/2-1/2